Vliv zavedení eura na strukturu a objem obchodů na evropských derivátových burzách

Analýza dopadov jednotnej meny rozdelená podľa troch hlavných druhov na burze obchodovaných derivátových kontraktov v Európe: kontrakty na krátkodobé referenčné úrokové sadzby, kontrakty na desaťročné vládne dlhopisy, kontrakty na akciové indexy.

Gespeichert in:
Bibliographische Detailangaben
1. Verfasser: Hájek, Jan
Format: Buchkapitel
Sprache:Tschechisch
Schlagworte:
Tags: Tag hinzufügen
Keine Tags, Fügen Sie das erste Tag hinzu!

MARC

LEADER 00000naa a2200000 4500
001 r039447
005 20231003121618.4
041 0 |a cze 
044 |a CZ 
245 1 0 |a Vliv zavedení eura na strukturu a objem obchodů na evropských derivátových burzách  |c Jan Hájek 
520 |a Analýza dopadov jednotnej meny rozdelená podľa troch hlavných druhov na burze obchodovaných derivátových kontraktov v Európe: kontrakty na krátkodobé referenčné úrokové sadzby, kontrakty na desaťročné vládne dlhopisy, kontrakty na akciové indexy. 
610 2 0 |a Európska menová únia 
610 2 0 |a euro 
610 2 0 |a burzy 
610 2 0 |a deriváty 
610 2 0 |a trh finančný 
610 2 0 |a obchody burzové 
610 2 0 |a Európa 
100 1 |a Hájek, Jan